Najczęściej zgadywane stolice Azji - Statystyki

Ogólne statystyki
  • Ten quiz został rozwiązany 6 793 razy
    6 788 od ostatniego zresetowania
  • Średni wynik to 7 z 12
Statystyki odpowiedzi
% Stolice % Poprawnych
92 Pekin
96%
92 Tokio
96%
85 Seul
77%
78 Nowe Delhi
71%
86 Ankara
53%
72 Jerozolima
46%
70 Pjongjang
46%
62 Teheran
43%
69 Ułan Bator
40%
66 Astana
37%
66 Singapur
34%
65 Nikozja
21%
Nie znaleziono quizów pasujących do podanych kryteriów
Rozkład punktacji
Procent ludzi z każdym wynikiem
Percentyl według liczby udzielonych odpowiedzi
Twoja historia wyników
Nie rozwiązałeś tego quizu od ostatniego zresetowania